A közép-európai gondolat

Elmentve itt :
Bibliográfiai részletek
Szerző: Szőcs Krisztina
Adatforrás:Philobibl
Forrásdokumentuma:Többlet
1.2009:2. p. 71-73.
Dokumentumtípus: Cikk
Nyelv:magyar
Kulcsszavak:politikaelmélet
történetfilozófia
kultúraelmélet
LEADER 00378nab a2200133 c 4500
001 bibPHI0036775
005 20200924123714.9
008 100218s2009 rm hun
100 1 |a Szőcs Krisztina 
245 1 2 |a A közép-európai gondolat  |c Szőcs Krisztina 
695 |a politikaelmélet 
695 |a történetfilozófia 
695 |a kultúraelmélet 
773 0 |t Többlet  |g 1.2009:2. p. 71-73.